00457 2200181 4500001002100000005001500021008004100036020001800077035001900095041000700114082000900121090001200130100002000142245004700162260003100209300002500240650001000265INLIS00000000000835020241224113630241224||||||||| | ||| |||| || |  a979-33-0434-0 0010-1224008350 aen0 aNONE aF AMI k0 aArleen Amidjaja00aA Nice Holiday (Liburan yang Menyenangkan) aSolobTiga Serangkaic2006 a20x20,5 cm, 24 hlm.; 0afiksi